[Event "DEM U18 2016"]
[Site "Willingen GER"]
[Date "2016.05.20"]
[Round "8"]
[White "Schäfer, Marlon"]
[Black "Sabirov, Ramil"]
[Result "1/2-1/2"]
[Termination "normal"]
[Board "9"]
[WhiteElo "1733"]
[BlackElo "2043"]
[PlyCount "43"]
[WhiteFideId "16208773"]
[BlackFideId "12900303"]
[EventCountry "GER"]
[EventRounds "9"]
[EventType "swiss"]
[EventDate "2016.05.14"]

1. e4 c5 2. c3 d5 3. exd5 Qxd5 4. d4 g6 5. Nf3 Bg7 6. Na3 cxd4 7. Bc4 Qd8 8.
Nxd4 Nf6 9. O-O O-O 10. Bf4 a6 11. Re1 Re8 12. Nac2 Bg4 13. Qd2 Qc8 14. Bb3 Nc6
15. Nxc6 bxc6 16. h3 Bd7 17. Rad1 c5 18. Na3 Bb5 19. Nc4 Nd7 20. a4 Bxc4 21.
Bxc4 Nb6 22. Bb3 1/2-1/2

[Event "DEM U18 2016"]
[Site "Willingen GER"]
[Date "2016.05.20"]
[Round "8"]
[White "Glagau, Lars"]
[Black "Mierzwa, Robert"]
[Result "1/2-1/2"]
[Termination "normal"]
[Board "10"]
[WhiteElo "1447"]
[BlackElo "1976"]
[PlyCount "87"]
[WhiteFideId "16200390"]
[BlackFideId "12918113"]
[EventCountry "GER"]
[EventRounds "9"]
[EventType "swiss"]
[EventDate "2016.05.14"]

1. e4 e5 2. Nf3 Nc6 3. Bc4 Bc5 4. d3 Nf6 5. Bb3 a6 6. c3 d6 7. Nbd2 Ba7 8. Nf1
h6 9. Ng3 O-O 10. O-O Be6 11. h3 Re8 12. Re1 Qd7 13. Be3 d5 14. Bxa7 Rxa7 15.
Qd2 Raa8 16. Kh2 Rad8 17. Rad1 dxe4 18. dxe4 Bxb3 19. axb3 Qe6 20. Qc2 a5 21.
Rxd8 Rxd8 22. Rd1 Rxd1 23. Qxd1 Nd7 24. Nd2 Nc5 25. Nc4 a4 26. Qd5 Nxb3 27. Qb5
Nc1 28. Qxa4 Nd3 29. Kg1 Kh7 30. Ne3 Nf4 31. Qb5 Nd8 32. Qc5 c6 33. Qf8 Qd7 34.
Qb4 Nde6 35. Qa5 Nd3 36. Qb6 Qc7 37. Qxc7 Nxc7 38. Nd1 Ne6 39. Nf5 f6 40. Nd6
b5 41. b4 Nc7 42. Nb7 Kg6 43. Kf1 Ne6 44. g3 1/2-1/2

[Event "DEM U18 2016"]
[Site "Willingen GER"]
[Date "2016.05.20"]
[Round "8"]
[White "Philipp, Mathias"]
[Black "Petri, Ben-Luca"]
[Result "1-0"]
[Termination "normal"]
[Board "11"]
[WhiteElo "1870"]
[BlackElo "1694"]
[PlyCount "61"]
[WhiteFideId "12958883"]
[BlackFideId "12947261"]
[EventCountry "GER"]
[EventRounds "9"]
[EventType "swiss"]
[EventDate "2016.05.14"]

1. e4 e5 2. Nf3 Nc6 3. d4 exd4 4. Nxd4 Nf6 5. Nxc6 bxc6 6. Qe2 Qe7 7. Nc3 d5 8.
e5 Nd7 9. f4 a5 10. Be3 Ba6 11. Qd2 Bxf1 12. Rxf1 Qe6 13. O-O-O Bb4 14. a3 Bc5
15. Rde1 Bxe3 16. Rxe3 Qh6 17. Kb1 Nb6 18. Rh3 Nc4 19. Qf2 Qe6 20. f5 Qc8 21.
f6 Qb7 22. Nd1 g6 23. e6 Qb6 24. Qe2 Qc5 25. Re1 Rb8 26. Kc1 d4 27. Rf3 Qg5+
28. Kb1 Nd2+ 29. Ka1 O-O 30. Rf2 fxe6 31. Qxd2 1-0

[Event "DEM U18 2016"]
[Site "Willingen GER"]
[Date "2016.05.20"]
[Round "8"]
[White "Reitz, Philipp"]
[Black "Bugdahl, Felix"]
[Result "1-0"]
[Termination "normal"]
[Board "12"]
[WhiteElo "1831"]
[BlackElo "1826"]
[PlyCount "59"]
[WhiteFideId "12973297"]
[BlackFideId "12938092"]
[EventCountry "GER"]
[EventRounds "9"]
[EventType "swiss"]
[EventDate "2016.05.14"]

1. d4 Nf6 2. Nf3 g6 3. Nbd2 d5 4. e3 Bg7 5. b4 Nbd7 6. c4 b6 7. Qc2 c5 8. cxd5
Nxd5 9. Bc4 Nxb4 10. Bxf7+ Kf8 11. Qb3 Nf6 12. O-O Bf5 13. Ng5 h6 14. Bxg6 Qd5
15. Bxf5 hxg5 16. Qxd5 Nbxd5 17. Bb2 Kf7 18. Nc4 Ne8 19. dxc5 Bxb2 20. Nxb2
bxc5 21. Rac1 Nd6 22. Rxc5 e6 23. Bg4 Rhd8 24. h3 Ke7 25. Rfc1 Rab8 26. Nd3 Rb6
27. Ne5 Kf6 28. Nc4 Ra6 29. Nxd6 Rdxd6 30. e4 1-0

[Event "DEM U18 2016"]
[Site "Willingen GER"]
[Date "2016.05.21"]
[Round "9"]
[White "Beeck, Mats"]
[Black "Gretz, Denis"]
[Result "1/2-1/2"]
[Termination "normal"]
[Board "1"]
[WhiteElo "2114"]
[BlackElo "2316"]
[WhiteClock "00:14:11"]
[BlackClock "00:12:36"]
[PlyCount "64"]
[WhiteFideId "12936944"]
[BlackFideId "12945188"]
[EventCountry "GER"]
[EventRounds "9"]
[EventType "swiss"]
[EventDate "2016.05.14"]

1. d4 d5 2. Nf3 c6 3. c4 e6 4. Qc2 Nf6 5. g3 Be7 6. Nbd2 O-O 7. Bg2 b6 8. O-O
Bb7 9. e4 Nbd7 10. e5 Ne8 11. cxd5 cxd5 12. Re1 Qc7 13. Qd1 Rc8 14. Nf1 Qc2 15.
Qxc2 Rxc2 16. Ne3 Rc8 17. Bd2 Nc7 18. Rac1 Na6 19. Bf1 Nb4 20. a3 Nc6 21. Rc2
f6 22. Bh3 f5 23. Rec1 g6 24. g4 f4 25. Nd1 g5 26. Bf1 h6 27. Bb5 Ndb8 28. Kg2
a6 29. Bd3 b5 30. Nc3 Nd7 31. Ne2 Nb6 32. h4 Kg7 1/2-1/2

[Event "DEM U18 2016"]
[Site "Willingen GER"]
[Date "2016.05.21"]
[Round "9"]
[White "Ehmann, Thilo"]
[Black "Grigorian, Spartak"]
[Result "0-1"]
[Termination "normal"]
[Board "2"]
[WhiteElo "2305"]
[BlackElo "2304"]
[WhiteClock "00:17:01"]
[BlackClock "00:13:33"]
[PlyCount "98"]
[WhiteFideId "12940968"]
[BlackFideId "24661490"]
[EventCountry "GER"]
[EventRounds "9"]
[EventType "swiss"]
[EventDate "2016.05.14"]

1. e4 c5 2. Nf3 d6 3. d4 cxd4 4. Nxd4 Nf6 5. Nc3 a6 6. Bg5 e6 7. f4 h6 8. Bh4
Qb6 9. a3 Nbd7 10. Bf2 Qc7 11. Be2 b5 12. O-O Bb7 13. Re1 Be7 14. Bd3 O-O 15.
Qe2 Nc5 16. f5 e5 17. Nf3 Rfe8 18. Rac1 Rad8 19. Bh4 d5 20. Bxf6 Bxf6 21. b4 d4
22. Nb1 Na4 23. h4 Qe7 24. Qf2 Nb2 25. g4 g5 26. h5 Rc8 27. Nfd2 Rc7 28. Nb3
Na4 29. Qd2 Rec8 30. Qf2 Bg7 31. f6 Qxf6 32. Qg2 Qe6 33. Rf1 Bc6 34. Rf5 Qe8
35. Rcf1 Re7 36. Na5 Bd7 37. R5f3 Be6 38. Qg3 Rec7 39. Nd2 Qd7 40. Ndb3 Rc3 41.
Kh1 R8c7 42. R1f2 Qc8 43. Rf6 Qd8 44. Qxe5 Bxb3 45. Nxb3 R3c6 46. Rxc6 Bxe5 47.
Rxa6 Qc8 48. Bxb5 Rxc2 49. Rf5 Qc3 0-1

[Event "DEM U18 2016"]
[Site "Willingen GER"]
[Date "2016.05.21"]
[Round "9"]
[White "Pfreundt, Jakob"]
[Black "Borchert, René"]
[Result "1/2-1/2"]
[Termination "normal"]
[Board "3"]
[WhiteElo "2248"]
[BlackElo "2174"]
[WhiteClock "00:03:16"]
[BlackClock "00:10:12"]
[PlyCount "72"]
[WhiteFideId "12918156"]
[BlackFideId "12990671"]
[EventCountry "GER"]
[EventRounds "9"]
[EventType "swiss"]
[EventDate "2016.05.14"]

1. d4 d5 2. c4 e6 3. Nf3 Nf6 4. Nc3 Be7 5. cxd5 exd5 6. Bg5 O-O 7. e3 c6 8. Bd3
Bg4 9. h3 Bh5 10. g4 Bg6 11. Bxf6 Bxf6 12. h4 c5 13. Bxg6 fxg6 14. g5 Be7 15.
dxc5 Bxc5 16. Nxd5 Nc6 17. Nf4 Qe7 18. Qd5+ Rf7 19. Qe6 Qxe6 20. Nxe6 Bxe3 21.
fxe3 Rxf3 22. Ke2 Rf5 23. Rad1 Re5 24. Nd4 Rae8 25. Rh3 Nb4 26. Kf2 Re4 27. a3
Nd5 28. Nc2 Nb6 29. Rd4 R4e5 30. Rd3 Nc4 31. b3 Rf5+ 32. Ke2 Ne5 33. Rc3 Ref8
34. Rh2 Nf3 35. Rh1 Ne5 36. Rh2 Nf3 1/2-1/2

[Event "DEM U18 2016"]
[Site "Willingen GER"]
[Date "2016.05.21"]
[Round "9"]
[White "Keller, Peter"]
[Black "Peters, Tom"]
[Result "1/2-1/2"]
[Termination "normal"]
[Board "4"]
[WhiteTitle "FM"]
[WhiteElo "2285"]
[BlackElo "1979"]
[WhiteClock "01:14:53"]
[BlackClock "00:15:14"]
[PlyCount "53"]
[WhiteFideId "1272105"]
[BlackFideId "24694444"]
[EventCountry "GER"]
[EventRounds "9"]
[EventType "swiss"]
[EventDate "2016.05.14"]

1. Nf3 Nf6 2. g3 e6 3. Bg2 d5 4. O-O Be7 5. c4 O-O 6. b3 c5 7. e3 b5 8. d4 bxc4
9. bxc4 Bb7 10. cxd5 Nxd5 11. Ba3 cxd4 12. Nxd4 Nd7 13. Bxe7 Qxe7 14. Nd2 Rac8
15. Rc1 N7b6 16. Qb3 Rfd8 17. Rfd1 Rxc1 18. Rxc1 Rc8 19. Rxc8+ Bxc8 20. Nc4 Qc5
21. Nxb6 Nxb6 22. Qb2 Qa5 23. Qb1 g6 24. h4 Qa3 25. Bf3 h5 26. Kg2 Ba6 27. Nc2
1/2-1/2

[Event "DEM U18 2016"]
[Site "Willingen GER"]
[Date "2016.05.21"]
[Round "9"]
[White "Geue, Niklas"]
[Black "Engert, Marvin"]
[Result "1-0"]
[Termination "normal"]
[Board "5"]
[WhiteElo "1936"]
[BlackElo "1909"]
[WhiteClock "00:14:10"]
[BlackClock "00:01:26"]
[PlyCount "77"]
[WhiteFideId "12961043"]
[BlackFideId "12901164"]
[EventCountry "GER"]
[EventRounds "9"]
[EventType "swiss"]
[EventDate "2016.05.14"]

1. e4 c5 2. Nf3 Nc6 3. d4 cxd4 4. Nxd4 Nf6 5. Nc3 e5 6. Ndb5 d6 7. Bg5 a6 8.
Na3 b5 9. Bxf6 gxf6 10. Nd5 Bg7 11. c3 O-O 12. Qh5 Ne7 13. Bd3 f5 14. Nxe7+
Qxe7 15. Nc2 d5 16. exf5 e4 17. Be2 Qe5 18. Nd4 b4 19. O-O Bd7 20. f4 Qd6 21.
Bg4 Bf6 22. Rac1 Rfc8 23. Kh1 Rab8 24. Bh3 bxc3 25. bxc3 Rb2 26. g4 Rxa2 27. g5
Bxd4 28. f6 Bxh3 29. Qxh3 Rd8 30. cxd4 Ra3 31. Qg2 e3 32. f5 Qf8 33. g6 h6 34.
Rc7 e2 35. Qxe2 Qd6 36. Rxf7 Rh3 37. Re1 Qb8 38. Rg7+ Kh8 39. Rh7+ 1-0

[Event "DEM U18 2016"]
[Site "Willingen GER"]
[Date "2016.05.21"]
[Round "9"]
[White "Schmidt, Tobias"]
[Black "Gschnitzer, Adrian"]
[Result "1-0"]
[Termination "normal"]
[Board "6"]
[WhiteElo "2221"]
[BlackElo "2258"]
[WhiteClock "00:26:04"]
[BlackClock "00:18:39"]
[PlyCount "95"]
[WhiteFideId "1271683"]
[BlackFideId "1270337"]
[EventCountry "GER"]
[EventRounds "9"]
[EventType "swiss"]
[EventDate "2016.05.14"]

1. e4 c5 2. Nf3 Nc6 3. c3 d5 4. exd5 Qxd5 5. d4 e6 6. Bd3 Nf6 7. O-O Be7 8. Be3
cxd4 9. cxd4 O-O 10. Nc3 Qd8 11. a3 b6 12. Qe2 Bb7 13. Rfd1 Rc8 14. Rac1 Na5
15. Ne5 Nd5 16. Nb1 Nc6 17. Bb5 Nxe5 18. dxe5 Rxc1 19. Bxc1 Bg5 20. Qg4 Bxc1
21. Rxc1 Ne7 22. Rd1 Qb8 23. f4 Rd8 24. Nc3 Qc7 25. Rxd8+ Qxd8 26. Qd1 Qxd1+
27. Nxd1 g5 28. fxg5 Ng6 29. Ne3 Nxe5 30. Kf2 Kg7 31. Kg3 Bc6 32. Bxc6 Nxc6 33.
Nc4 f6 34. Kf4 Kg6 35. gxf6 Kxf6 36. g4 e5+ 37. Ke4 b5 38. Nd6 Kg5 39. Nxb5
Kxg4 40. Kd5 a6 41. Nc7 Nd4 42. Nxa6 Nf3 43. a4 Nxh2 44. a5 Kf3 45. Nc5 Ng4 46.
a6 Nf6+ 47. Kc6 e4 48. a7 1-0

[Event "DEM U18 2016"]
[Site "Willingen GER"]
[Date "2016.05.21"]
[Round "9"]
[White "Riehle, Marco"]
[Black "Reitz, Philipp"]
[Result "1-0"]
[Termination "time forfeit"]
[Board "7"]
[WhiteElo "2271"]
[BlackElo "1831"]
[PlyCount "75"]
[WhiteFideId "12904392"]
[BlackFideId "12973297"]
[EventCountry "GER"]
[EventRounds "9"]
[EventType "swiss"]
[EventDate "2016.05.14"]

1. e4 c6 2. c4 d5 3. exd5 cxd5 4. cxd5 Nf6 5. Nc3 g6 6. Qb3 Bg7 7. Bc4 O-O 8.
Nf3 Nbd7 9. O-O a6 10. a4 Nb6 11. d3 Bf5 12. Be3 Nxc4 13. dxc4 Qc7 14. Bb6 Qf4
15. Ne2 Qd6 16. Ng3 Bg4 17. Bd4 e6 18. Be5 Qd7 19. d6 Rac8 20. Rac1 Qc6 21. Qc3
Bxf3 22. gxf3 Ne8 23. Rfd1 Rd8 24. Bxg7 Nxg7 25. Ne4 Nh5 26. Qe5 Qd7 27. Qxh5
gxh5 28. Nf6+ Kg7 29. Nxd7 Rxd7 30. b4 a5 31. b5 Kf6 32. c5 Rc8 33. c6 bxc6 34.
bxc6 Rdd8 35. f4 h4 36. Kg2 e5 37. d7 Rc7 38. Rd6+ 1-0

[Event "DEM U18 2016"]
[Site "Willingen GER"]
[Date "2016.05.21"]
[Round "9"]
[White "Sabirov, Ramil"]
[Black "Schnabel, Bennett"]
[Result "0-1"]
[Termination "normal"]
[Board "8"]
[WhiteElo "2043"]
[BlackElo "2047"]
[PlyCount "32"]
[WhiteFideId "12900303"]
[BlackFideId "12943290"]
[EventCountry "GER"]
[EventRounds "9"]
[EventType "swiss"]
[EventDate "2016.05.14"]

1. e4 d5 2. exd5 Nf6 3. c4 c6 4. dxc6 Nxc6 5. Nf3 e5 6. d3 e4 7. dxe4 Qxd1+ 8.
Kxd1 Nxe4 9. Be3 Bg4 10. a3 O-O-O+ 11. Kc2 Bf5 12. Nh4 Nxf2+ 13. Nxf5 Nxh1 14.
Bd3 g6 15. Bg5 Rxd3 16. Kxd3 Nf2+ 0-1

[Event "DEM U18 2016"]
[Site "Willingen GER"]
[Date "2016.05.21"]
[Round "9"]
[White "Mierzwa, Robert"]
[Black "Petri, Ben-Luca"]
[Result "1/2-1/2"]
[Termination "normal"]
[Board "10"]
[WhiteElo "1976"]
[BlackElo "1694"]
[PlyCount "78"]
[WhiteFideId "12918113"]
[BlackFideId "12947261"]
[EventCountry "GER"]
[EventRounds "9"]
[EventType "swiss"]
[EventDate "2016.05.14"]

1. d4 Nf6 2. c4 g6 3. g3 c6 4. Bg2 d5 5. cxd5 cxd5 6. Nf3 Bg7 7. O-O Nc6 8. Ne5
O-O 9. Nc3 Be6 10. e3 Rc8 11. Nd3 b6 12. f3 Qd7 13. Rf2 Ne8 14. Ne2 f6 15. b3
Bf7 16. Bb2 Nd6 17. Nef4 e6 18. Bh3 g5 19. Ne2 Bg6 20. Rc1 Qf7 21. Nc3 Rc7 22.
Rfc2 Bxd3 23. Qxd3 Nb4 24. Qd2 Nxc2 25. Qxc2 Rfc8 26. Qd2 Rd8 27. Ba3 Bf8 28.
Bb2 Nb7 29. a3 Na5 30. Qd1 Qe8 31. f4 Rg7 32. fxg5 Rxg5 33. e4 Kh8 34. exd5
exd5 35. Qf3 Bg7 36. Ne2 Nxb3 37. Rc7 Nd2 38. Qd3 Ne4 39. Bc1 Qa4 1/2-1/2

[Event "DEM U18 2016"]
[Site "Willingen GER"]
[Date "2016.05.21"]
[Round "9"]
[White "Bugdahl, Felix"]
[Black "Philipp, Mathias"]
[Result "0-1"]
[Termination "normal"]
[Board "11"]
[WhiteElo "1826"]
[BlackElo "1870"]
[PlyCount "58"]
[WhiteFideId "12938092"]
[BlackFideId "12958883"]
[EventCountry "GER"]
[EventRounds "9"]
[EventType "swiss"]
[EventDate "2016.05.14"]

1. e4 e5 2. Nf3 Nc6 3. Nc3 Nf6 4. a3 a6 5. d4 exd4 6. Nxd4 d5 7. Bg5 Be7 8.
Nxc6 bxc6 9. Bd3 Nxe4 10. Bxe7 Qxe7 11. Nxe4 dxe4 12. Bc4 O-O 13. O-O Bf5 14.
Re1 Qc5 15. Qe2 a5 16. b3 Rad8 17. a4 Bg6 18. Rad1 Rd6 19. h4 h5 20. c3 Rfd8
21. Rxd6 cxd6 22. Qb2 d5 23. Bf1 Rb8 24. c4 dxc4 25. Rc1 Rxb3 26. Qa2 Qb6 27.
Rc2 e3 28. Re2 Bd3 29. Rxe3 Rb1 0-1

[Event "DEM U18 2016"]
[Site "Willingen GER"]
[Date "2016.05.21"]
[Round "9"]
[White "Glagau, Lars"]
[Black "Gabler, Eric"]
[Result "0-1"]
[Termination "normal"]
[Board "12"]
[WhiteElo "1447"]
[BlackElo "1992"]
[PlyCount "60"]
[WhiteFideId "16200390"]
[BlackFideId "12949841"]
[EventCountry "GER"]
[EventRounds "9"]
[EventType "swiss"]
[EventDate "2016.05.14"]

1. d4 Nf6 2. Nf3 d5 3. c4 c6 4. cxd5 cxd5 5. Nc3 Nc6 6. Bf4 e6 7. e3 Nh5 8. Bg3
Nxg3 9. hxg3 Be7 10. a3 Bd7 11. Bd3 h6 12. O-O f5 13. Bb5 h5 14. Bxc6 Bxc6 15.
Ne5 g5 16. Ng6 Rh6 17. Nxe7 Qxe7 18. Re1 Kf7 19. Kf1 h4 20. gxh4 Rxh4 21. Ke2
Rah8 22. Kd3 e5 23. dxe5 Qxe5 24. Kc2 Rc8 25. Kb3 d4 26. exd4 Qxd4 27. Qxd4
Rxd4 28. g3 Rd2 29. Re2 Bd5+ 30. Nxd5 Rxd5 0-1